#5 Fußball WM Teilnehmer ? - Statistiken

Allgemein
  • Dieses Quiz wurde 179 mal gespielt
    117 seit der letzten Aktualisierung
  • Das Durchschnittsergebnis liegt bei 5 aus 6
Answers on the Grid
Answers color-coded by a green-red scale on the quiz's grid according to % correct below.
Ägypten
Äthiopien
Malaysia
Fidschi
Südafrika
Kuba
Senegal
Peru
Guyana
Irland
Laos
Montenegro
Grenada
Bahamas
Taiwan
 
Antwortstatistiken
Antwort % Korrekt
Ägypten
92%
Südafrika
90%
Senegal
89%
Irland
83%
Peru
82%
Kuba
46%
Keine übereinstimmenden Quizze gefunden
Verteilung der Resultate
Anzahl Personen mit jedem Resultat
Perzentil nach korrekt beantworteten Fragen
Ihre Resultats-Entwicklung
Sie haben dieses Quiz seit der letzten Aktualisierung nicht gespielt